| 000 | 00000cam 2200000zi 4500 |
| 001 | 9.893434 |
| 003 | CaOODSP |
| 005 | 20251205113711 |
| 006 | m o d f |
| 007 | cr |n||||||||| |
| 008 | 201110e197401##onc|||| o f00| 0|eng d |
| 040 | |aCaOODSP|beng|erda|cCaOODSP |
| 043 | |an-cn--- |
| 086 | 1 |aRG86-11/1974E-PDF |
| 245 | 04|aThe metric conversion of weighing and measuring devices in Canada : |bthe report of the Task Force on Weights and Measures. |
| 264 | 1|aOttawa : |bMetric Commission Canada, |cJanuary 1974. |
| 300 | |a1 online resource (iii, 63 pages) |
| 336 | |atext|btxt|2rdacontent |
| 337 | |acomputer|bc|2rdamedia |
| 338 | |aonline resource|bcr|2rdacarrier |
| 500 | |aDigitized edition from print [produced by Innovation, Science and Economic Development Canada]. |
| 650 | 0|aMetric system|zCanada. |
| 650 | 0|aRetail trade|zCanada. |
| 650 | 0|aWeights and measures|zCanada. |
| 650 | 6|aSystème métrique|zCanada. |
| 650 | 6|aCommerce de détail|zCanada. |
| 650 | 6|aPoids et mesures|zCanada. |
| 710 | 2 |aMetric Commission Canada, |eissuing body. |
| 856 | 40|qPDF|s1.57 MB|uhttps://publications.gc.ca/collections/collection_2023/isde-ised/RG86-11-1974-eng.pdf |